| 000 | 01221nam a22002657a 4500 | ||
|---|---|---|---|
| 005 | 20170124103048.0 | ||
| 010 | _aA-761703 | ||
| 020 |
_c45.00 _a8171450334 |
||
| 035 | _aA-761703 | ||
| 037 | _bCen Lib/Ret | ||
| 040 |
_aDPL _bHN |
||
| 082 |
_aक _bआशापू |
||
| 100 |
_aआशापूर्णा देवी _969897 |
||
| 245 |
_aउत्तमा / _cआशापूर्णा देवी ; अनुवादक योगेन्द्र चौधरी |
||
| 246 |
_aUttama / _bby Ashapoorna Devi ; anuvadak Yogendra Chaudhary |
||
| 260 |
_aनयी दिल्ली _bएस.के. पब्लिशर्स _c1994 |
||
| 270 |
_aएस-47, अमर कॉलोनी, लाजपत नगर _bनयी दिल्ली _e110024 |
||
| 300 |
_a78पृ. _c19सेमी (सजिल्द ) |
||
| 650 |
_aबांग्ला साहित्य _x _z _945844 |
||
| 650 |
_aबांग्ला साहित्य _v _xकहानियां _969898 |
||
| 650 |
_aBangla literature _969899 |
||
| 650 |
_aBangla literature _xstories _969900 |
||
| 700 |
_aचौधरी, योगेन्द्र _969901 |
||
| 942 |
_2ddc _cHN _hक _mआशापू |
||
| 999 |
_c117067 _d117067 |
||